| 000 | 00419nam a2200157 a 4500 | ||
|---|---|---|---|
| 001 | 000030883 | ||
| 005 | 20200930062552.0 | ||
| 008 | 110602s1913 dr 000 | spa d | ||
| 040 |
_aDO-SdBNP _bspa _cBNPHU |
||
| 082 |
_axxx _bS718t |
||
| 100 | 1 |
_aSoto, Renato de _957415 |
|
| 245 | 1 | 0 |
_aTonalidades / _cRenato de Soto. |
| 260 |
_aSanto Domingo : _bMontalvo Hnos., _c1913. |
||
| 300 |
_a160 p. ; _c22 cm. |
||
| 049 | _aBNPD | ||
| 999 |
_c30375 _d30375 |
||